000 00476 a2200169 4500
003 OSt
005 20231229112449.0
008 231229b |||||||| |||| 00| 0 eng d
020 _a9789350009376
040 _coclc
082 _a891.431
_bNAG/A
100 _aNagarjun
_910139
245 _aAAKHIR AISA KAH DIYA MAINE /
_cNagarjun
260 _aNew Delhi:
_bVani Prakashan,
_c2012.
300 _a63p
942 _2ddc
_cBK
_h891.431
_iNAG/A
_k891.431
_mNAG/A
999 _c43614
_d43614